[Event "25th Belgrade Trophy"]
[Site "Obrenovac SRB"]
[Date "2011.12.01"]
[Round "8.31"]
[White "Dunjic,D"]
[Black "Ilic,Zo3"]
[Result "1-0"]
[BlackTitle "FM"]
[WhiteElo "2123"]
[BlackElo "2260"]
[WhiteFideId "939668"]
[BlackFideId "15001350"]
[EventDate "2011.11.24"]

1. d4 Nf6 2. c4 g6 3. Nc3 d5 4. Nf3 Bg7 5. Bf4 O-O 6. e3 c6 7. Bd3 Qa5 8. O-O
dxc4 9. Bxc4 b5 10. Bd3 Be6 11. Ng5 Bg4 12. f3 Bd7 13. Nge4 Na6 14. a3 Nh5 15.
Bg5 e5 16. dxe5 Bxe5 17. Bxb5 cxb5 18. Qxd7 Nc7 19. Bh6 Rfe8 20. Ng5 Rf8 21.
Bxf8 Rxf8 22. Qd3 b4 23. Nce4 Qb6 24. Qb3 Nf4 25. Kh1 Nfd5 26. f4 Bg7 27. Rae1
Re8 28. Nd2 Rxe3 29. Rxe3 Qxe3 30. Qxe3 Nxe3 31. Rc1 Ncd5 32. Rc8+ Bf8 33. Nxh7
bxa3 34. Rxf8+ Kxh7 35. bxa3 Kg7 36. Ra8 Nxf4 37. Kg1 Nexg2 38. Rxa7 Ne3 39. h4
Kf6 40. Nf3 Ke6 41. Ng5+ Kf5 42. Nxf7 Kg4 43. Kf2 Nf5 44. Ne5+ Kxh4 45. Kf3 Ne6
46. Nxg6+ Kg5 47. Ne7 Nfd4+ 48. Ke4 Nb3 49. Kd5 Kf6 50. Ng8+ Kf5 51. Rf7+ 1-0

[Event "25th Belgrade Trophy"]
[Site "Obrenovac SRB"]
[Date "2011.12.01"]
[Round "8.32"]
[White "Sorgic,D"]
[Black "Lazarevic,ZV"]
[Result "1-0"]
[WhiteTitle "FM"]
[WhiteElo "2246"]
[BlackElo "2130"]
[WhiteFideId "909360"]
[BlackFideId "939625"]
[EventDate "2011.11.24"]

1. e4 c5 2. Nf3 d6 3. d4 cxd4 4. Nxd4 Nf6 5. Nc3 a6 6. Bg5 e6 7. f4 Qb6 8. a3
Be7 9. Nb3 Nc6 10. Qf3 Qc7 11. O-O-O h6 12. Bh4 Bd7 13. Bf2 Na5 14. Nd4 Rc8 15.
g4 e5 16. Nf5 Bxf5 17. gxf5 Nc4 18. Bxc4 Qxc4 19. Kb1 b5 20. Rhe1 O-O 21. Re2 b4
22. axb4 Qxb4 23. Bh4 Rb8 24. b3 Rfc8 25. Rd3 Rc5 26. Bxf6 Qa3 27. Rd5 Rxb3+ 28.
cxb3 Qxb3+ 29. Rb2 1-0

[Event "25th Belgrade Trophy"]
[Site "Obrenovac SRB"]
[Date "2011.12.01"]
[Round "8.34"]
[White "Volas,N"]
[Black "Radosavljevic,SD"]
[Result "0-1"]
[BlackTitle "FM"]
[WhiteElo "2103"]
[BlackElo "2234"]
[WhiteFideId "931721"]
[BlackFideId "904651"]
[EventDate "2011.11.24"]

1. e4 c5 2. Nf3 g6 3. c4 Bg7 4. d4 cxd4 5. Nxd4 Nc6 6. Be3 Nf6 7. Nc3 O-O 8. Be2
d6 9. O-O Bd7 10. Qd2 Nxd4 11. Bxd4 Bc6 12. f3 a5 13. b3 Nd7 14. Bxg7 Kxg7 15.
Kh1 Qb6 16. a3 Kg8 17. Rab1 Nf6 18. b4 axb4 19. axb4 Ra3 20. g4 Rfa8 21. Bd1 Qd8
22. b5 Bd7 23. Bb3 Be6 24. Rfd1 Nd7 25. Nd5 Bxd5 26. Qxd5 Nc5 27. Bc2 Rxf3 28.
e5 Rf2 29. Rbc1 e6 30. Qxc5 dxc5 31. Rxd8+ Rxd8 32. Be4 b6 33. Bc6 Rdd2 34. Re1 0-1

[Event "25th Belgrade Trophy"]
[Site "Obrenovac SRB"]
[Date "2011.12.01"]
[Round "8.35"]
[White "Vasic,Vladi"]
[Black "Jovanovic,De"]
[Result "1-0"]
[WhiteElo "2234"]
[BlackElo "2047"]
[WhiteFideId "920231"]
[BlackFideId "923915"]
[EventDate "2011.11.24"]

1. e4 e6 2. d4 d5 3. Nd2 dxe4 4. Nxe4 Nd7 5. Nf3 Ngf6 6. Nxf6+ Nxf6 7. Bd3 Be7
8. Bg5 Nd5 9. Qd2 Bxg5 10. Nxg5 h6 11. Ne4 Nf6 12. O-O-O Bd7 13. Qb4 Bc6 14.
Rhe1 a5 15. Qc5 Nxe4 16. Bxe4 Bxe4 17. Rxe4 Qd6 18. Qh5 c6 19. d5 O-O-O 20. dxe6
Qxd1+ 21. Qxd1 Rxd1+ 22. Kxd1 fxe6 23. Rxe6 Kd7 24. Rg6 Rg8 25. Kd2 Ke7 26. Kc3
Kf7 27. Rg3 Ke7 28. Kc4 Kd6 29. Rd3+ Kc7 30. Rf3 Re8 31. Re3 Rf8 32. Re7+ Kb6
33. f3 g5 34. Re6 g4 35. fxg4 Rf4+ 36. Kd3 Rxg4 37. g3 Rg5 38. Rxh6 Kc5 39. Rf6
b5 40. Ke4 Kb6 41. Rf5 Rg4+ 42. Rf4 Rg5 43. g4 b4 44. h4 Rc5 45. Rf2 a4 46. h5
Rg5 47. Rg2 Kc5 48. h6 Rg8 49. h7 Rh8 50. Rh2 Kd6 51. Kf5 Ke7 52. Kg6 Kf8 53.
Re2 c5 54. Re4 a3 55. b3 c4 56. bxc4 b3 57. cxb3 Rxh7 58. Kxh7 Kf7 59. g5 Kf8
60. Kg6 Kg8 61. Re8# 1-0

[Event "25th Belgrade Trophy"]
[Site "Obrenovac SRB"]
[Date "2011.12.01"]
[Round "8.36"]
[White "Kisic,B"]
[Black "Lazic,Z"]
[Result "1-0"]
[WhiteElo "2008"]
[BlackElo "2216"]
[WhiteFideId "16500350"]
[BlackFideId "905836"]
[EventDate "2011.11.24"]

1. d4 g6 2. h4 Nf6 3. c4 c6 4. Nc3 d5 5. Bf4 Bg7 6. Qd2 Bf5 7. f3 h5 8. Nh3 Na6
9. Nf2 O-O 10. e4 Be6 11. e5 Ne8 12. g4 hxg4 13. h5 gxh5 14. fxg4 c5 15. cxd5
Bxd5 16. Rxh5 cxd4 17. Qc2 f5 18. Nxd5 e6 19. Nf6+ Nxf6 20. exf6 Qxf6 21. Bxa6
bxa6 22. Nd3 Qd8 23. gxf5 Qa5+ 24. Bd2 Qd5 25. Nf4 Qe5+ 26. Kf2 d3 27. Qc4 Rae8
28. Bc3 Rc8 29. Bxe5 Rxc4 30. Rg1 Rf7 31. Nxe6 Rc2+ 32. Kf3 1-0

[Event "25th Belgrade Trophy"]
[Site "Obrenovac SRB"]
[Date "2011.12.01"]
[Round "8.37"]
[White "Jovicic,R"]
[Black "Stefanovic,M"]
[Result "1-0"]
[WhiteElo "2197"]
[BlackElo "2046"]
[WhiteFideId "914657"]
[BlackFideId "922595"]
[EventDate "2011.11.24"]

1. d4 d5 2. e3 Nf6 3. Bd3 c6 4. Nd2 g6 5. c3 Bg7 6. Ngf3 O-O 7. O-O Bg4 8. c4
Nbd7 9. h3 Bxf3 10. Nxf3 Re8 11. Bd2 e5 12. dxe5 Nxe5 13. Nxe5 Rxe5 14. Bc3 Re8
15. Qc2 Qe7 16. Rad1 Rad8 17. cxd5 Nxd5 18. Bxg7 Kxg7 19. Bc4 Nb6 20. Bb3 Qe5
21. Rfe1 Qa5 22. Re2 Rxd1+ 23. Qxd1 Qe5 24. Qd3 Re7 25. f4 Qc5 26. Kf2 Rd7 27.
Qc2 Qxc2 28. Rxc2 a5 29. Ke2 a4 30. Bc4 f5 31. g4 Kf6 32. g5+ Kg7 33. a3 h6 34.
h4 h5 35. Ba2 Re7 36. Rd2 Rd7 37. Rd3 Nd5 38. Rd4 Nb6 39. Kd3 c5 40. Rxd7+ Nxd7
41. Kc4 Kf8 42. Kb5 Ke7 43. Bd5 Kd6 44. Bxb7 c4 45. Kxc4 Nc5 1-0

[Event "25th Belgrade Trophy"]
[Site "Obrenovac SRB"]
[Date "2011.12.01"]
[Round "8.38"]
[White "Prijovic,B"]
[Black "Ratkovic,Milov"]
[Result "1/2-1/2"]
[WhiteElo "1966"]
[BlackElo "2183"]
[WhiteFideId "939765"]
[BlackFideId "914525"]
[EventDate "2011.11.24"]

1. e4 c6 2. d4 d5 3. e5 Bf5 4. c3 e6 5. Bd3 Bxd3 6. Qxd3 Nd7 7. Ne2 Ne7 8. O-O
c5 9. b3 Qb6 10. Be3 Nc6 11. f4 g6 12. Nd2 Be7 13. a3 cxd4 14. cxd4 a5 15. Rfc1
O-O 16. Nc3 Qa6 17. Qb5 Rfc8 18. Nf3 Ncb8 19. Kf2 Rc6 20. Qxa6 Nxa6 21. Nb5 Rac8
22. Rxc6 Rxc6 23. Rc1 Nb6 24. Nd6 Rxc1 25. Bxc1 Bxd6 26. exd6 Nd7 27. Bd2 b6 28.
Ne5 Nab8 29. b4 axb4 30. Bxb4 f6 31. Nxd7 Nxd7 32. Ke2 Kf7 33. Kf3 e5 34. dxe5
fxe5 35. g3 Ke6 36. a4 e4+ 37. Ke3 Nb8 38. Bc3 Nd7 39. Be5 Nc5 40. g4 g5 41. Kd4
gxf4 42. Bxf4 Nxa4 43. d7 Kxd7 44. Kxd5 Nc3+ 45. Kd4 Ne2+ 46. Kxe4 Nxf4 47. Kxf4
Ke6 48. Ke4 Kf6 49. h4 Kg6 50. Kd5 Kf6 51. Kc6 Ke5 52. Kxb6 Kf4 53. h5 Kxg4 54.
h6 Kg5 55. Kc5 1/2-1/2

[Event "25th Belgrade Trophy"]
[Site "Obrenovac SRB"]
[Date "2011.12.01"]
[Round "8.39"]
[White "Djukic,Milor"]
[Black "Savic,Draga"]
[Result "0-1"]
[WhiteElo "1949"]
[BlackElo "2140"]
[WhiteFideId "943967"]
[BlackFideId "924326"]
[EventDate "2011.11.24"]

1. g4 e6 2. Bg2 d5 3. d4 c5 4. h4 cxd4 5. Qxd4 Nc6 6. Qd1 Bc5 7. c3 Qb6 8. Nh3
a5 9. O-O Nge7 10. b3 O-O 11. Ba3 Bxa3 12. Nxa3 Qc5 13. Nb1 e5 14. e3 f5 15. g5
f4 16. Kh2 fxe3 17. fxe3 Rxf1 18. Qxf1 Qxe3 19. Qf3 Qxf3 20. Bxf3 e4 21. Bg2 Nf5
22. Nf4 Nce7 23. c4 dxc4 24. bxc4 e3 25. Nc3 Nxh4 26. Nfd5 Neg6 27. Nxe3 Nxg2
28. Kxg2 Be6 29. Rb1 Rc8 30. Rxb7 Bxc4 31. Ra7 Be6 32. Ne4 Re8 33. Nd6 Rd8 34.
Nef5 Nf4+ 35. Kf3 Bxf5 36. Nxf5 Ne6 37. Kg4 Rb8 38. a3 Rb1 39. Ra8+ Nf8 40. Ne7+
Kf7 41. Nc6 Rg1+ 42. Kf5 g6+ 43. Ke5 Rxg5+ 44. Kd6 Rg1 45. Ne5+ Kg8 46. Ke7 Rf1
47. Rxa5 h5 48. Ra6 Kg7 49. Ra7 h4 50. Ke8+ Kg8 51. Nxg6 Nxg6 0-1

[Event "25th Belgrade Trophy"]
[Site "Obrenovac SRB"]
[Date "2011.12.01"]
[Round "8.40"]
[White "Glisic,P"]
[Black "Djordjevic,Zoran B"]
[Result "1-0"]
[WhiteElo "2170"]
[BlackElo "2025"]
[WhiteFideId "932515"]
[BlackFideId "901210"]
[EventDate "2011.11.24"]

1. d4 Nf6 2. c4 g6 3. Nc3 Bg7 4. e4 d6 5. f3 Nc6 6. Be3 e5 7. d5 Ne7 8. Qd2 O-O
9. g4 Ne8 10. Bd3 f5 11. gxf5 gxf5 12. O-O-O f4 13. Bf2 Ng6 14. h4 h5 15. Nh3
Nxh4 16. Bxh4 Qxh4 17. Rdg1 Bxh3 18. Bf1 Qe7 19. Bxh3 Rf6 20. Be6+ Rxe6 21. dxe6
Qxe6 22. Qd5 Qxd5 23. Nxd5 Kf7 24. Rxh5 c6 25. Rf5+ Ke6 26. Rg6+ Kd7 27. Rf7+
Kd8 28. Nb4 Rb8 29. Rfxg7 Nxg7 30. Rxg7 a5 31. Nd3 b5 32. c5 dxc5 33. Nxc5 Rb6
34. Rb7 Rxb7 35. Nxb7+ Kc7 36. Nxa5 c5 37. a3 c4 38. b4 Kb6 39. Kc2 Kc7 40. Kc3
Kb6 41. Nxc4+ bxc4 42. Kxc4 1-0

[Event "25th Belgrade Trophy"]
[Site "Obrenovac SRB"]
[Date "2011.12.01"]
[Round "8.41"]
[White "Kuzmanovic,R"]
[Black "Ratkovic,Miloj"]
[Result "0-1"]
[WhiteElo "1929"]
[BlackElo "2168"]
[WhiteFideId "944670"]
[BlackFideId "914517"]
[EventDate "2011.11.24"]

1. e4 c6 2. d4 d5 3. Nd2 Qb6 4. Ngf3 Bg4 5. c3 e6 6. Bd3 Nf6 7. h3 Bh5 8. O-O
Be7 9. Re1 dxe4 10. Nxe4 Nxe4 11. Bxe4 Nd7 12. Qe2 Nf6 13. Bd3 Qc7 14. a4 Nd5
15. Bc4 Bd6 16. Qe4 Nf6 17. Qe3 O-O 18. g4 Bg6 19. Nh4 c5 20. Nxg6 hxg6 21. dxc5
Bxc5 22. Qd3 Rad8 23. Qf1 Qg3+ 24. Kh1 Bxf2 0-1

[Event "25th Belgrade Trophy"]
[Site "Obrenovac SRB"]
[Date "2011.12.01"]
[Round "8.42"]
[White "Trisic,D"]
[Black "Zivkovic,De"]
[Result "0-1"]
[WhiteElo "2057"]
[BlackElo "2265"]
[WhiteFideId "924296"]
[BlackFideId "938815"]
[EventDate "2011.11.24"]

1. Nf3 Nf6 2. c4 g6 3. b3 Bg7 4. Bb2 O-O 5. g3 c5 6. Bg2 Nc6 7. O-O d6 8. d3 a6
9. Nc3 Rb8 10. Nd2 Bd7 11. Nce4 Nxe4 12. Bxg7 Nxf2 13. Rxf2 Kxg7 14. Ne4 f5 15.
Nc3 e5 16. Qd2 h6 17. Nd5 Ne7 18. Nc3 b5 19. e4 b4 20. Ne2 Rf6 21. Raf1 0-1

[Event "25th Belgrade Trophy"]
[Site "Obrenovac SRB"]
[Date "2011.12.01"]
[Round "8.43"]
[White "Lazic,L"]
[Black "Ocokoljic,Z"]
[Result "1-0"]
[WhiteElo "2240"]
[BlackElo "2054"]
[WhiteFideId "909220"]
[BlackFideId "923958"]
[EventDate "2011.11.24"]

1. d4 Nf6 2. Nf3 e6 3. Bg5 d5 4. e3 c6 5. c3 Nbd7 6. Nbd2 Be7 7. Bd3 Qc7 8. Qe2
c5 9. O-O h6 10. Bf4 Bd6 11. Bxd6 Qxd6 12. e4 dxe4 13. Nxe4 Nxe4 14. Bxe4 Nf6
15. Rfd1 O-O 16. Rd2 cxd4 17. Rxd4 Qc7 18. Rad1 Bd7 19. Ne5 Rad8 20. Bf3 a6 21.
h4 Bb5 22. Qe3 Nd5 23. Bxd5 Rxd5 24. Rxd5 exd5 25. Qd4 Re8 26. Re1 Bc6 27. Re3
f6 28. Nf3 Re4 29. Rxe4 dxe4 30. Qc4+ Qf7 31. Qxf7+ Kxf7 32. Nd4 Bd5 33. b3 b5
34. Kh2 g5 35. g4 Bb7 36. Nf5 Ke6 37. h5 Ke5 38. Kg3 Bd5 39. Nxh6 a5 40. Nf5 Bg8
41. Ne3 Bh7 42. Kg2 Bg8 43. Kf1 Kf4 44. Ke2 a4 45. bxa4 bxa4 46. a3 f5 47. gxf5
g4 48. h6 Kg5 49. c4 Kxh6 50. c5 Bf7 51. Nxg4+ Kg5 52. Ne3 Be8 53. Kd2 Kf4 54.
Kc3 Ke5 55. Kc4 Bc6 56. Kb4 Bd7 57. f6 1-0

[Event "25th Belgrade Trophy"]
[Site "Obrenovac SRB"]
[Date "2011.12.01"]
[Round "8.44"]
[White "Brujic,B"]
[Black "Popovic,Mila2"]
[Result "0-1"]
[WhiteTitle "FM"]
[WhiteElo "2195"]
[BlackElo "2041"]
[WhiteFideId "909688"]
[BlackFideId "944980"]
[EventDate "2011.11.24"]

1. e4 Nf6 2. e5 Nd5 3. c4 Nb6 4. d4 d6 5. f4 g6 6. Nc3 Bg7 7. Be3 O-O 8. Nf3 Bg4
9. h3 Be6 10. b3 dxe5 11. dxe5 Qc8 12. Nd4 Bd7 13. c5 f6 14. exf6 Bxf6 15. cxb6
e5 16. Bc4+ Kh8 17. fxe5 Bxe5 18. Nce2 axb6 19. Nf3 Rxf3 20. gxf3 c5 21. O-O
Bxh3 22. Qd5 Nc6 23. Bg5 Qf8 24. Bh4 b5 25. Ng3 Qf4 26. Qe4 Qxe4 27. fxe4 bxc4
28. Bf6+ Bxf6 29. Rxf6 cxb3 30. Rf2 Be6 31. a3 Nd4 32. Ne2 Nxe2+ 33. Rxe2 c4 0-1

[Event "25th Belgrade Trophy"]
[Site "Obrenovac SRB"]
[Date "2011.12.01"]
[Round "8.47"]
[White "Djalovic,V"]
[Black "Zivanovic,B"]
[Result "1/2-1/2"]
[WhiteElo "2114"]
[BlackElo "2011"]
[WhiteFideId "925381"]
[BlackFideId "945455"]
[EventDate "2011.11.24"]

1. e4 c5 2. Nc3 d6 3. g3 Nc6 4. Bg2 g6 5. Nge2 Bg7 6. O-O e6 7. f4 Nge7 8. h3
O-O 9. d3 Nd4 10. Nxd4 cxd4 11. Ne2 f5 12. g4 e5 13. gxf5 gxf5 14. Ng3 fxe4 15.
dxe4 exf4 16. Nh5 Be5 17. Bxf4 Ng6 18. Bxe5 dxe5 19. Qd2 Be6 20. Qh6 Qe7 21.
Rad1 Rxf1+ 22. Rxf1 Rf8 23. b3 Rxf1+ 24. Bxf1 Qf8 25. Qg5 Qe7 26. Qh6 Qf8 1/2-1/2

[Event "25th Belgrade Trophy"]
[Site "Obrenovac SRB"]
[Date "2011.12.01"]
[Round "8.48"]
[White "Ljangov,P"]
[Black "Pihajlic,A"]
[Result "1-0"]
[BlackTitle "WIM"]
[WhiteElo "2114"]
[BlackElo "1946"]
[WhiteFideId "2901277"]
[BlackFideId "911011"]
[EventDate "2011.11.24"]

1. c4 e5 2. Nc3 f5 3. d3 Nf6 4. Nf3 d6 5. g3 Be7 6. Bg2 O-O 7. O-O c6 8. c5 d5
9. Nxe5 Bxc5 10. d4 Be7 11. b3 Ne4 12. Nxe4 fxe4 13. f3 exf3 14. exf3 Nd7 15.
Nxd7 Bxd7 16. Bf4 Qb6 17. Be5 Rae8 18. f4 Ba3 1-0

[Event "25th Belgrade Trophy"]
[Site "Obrenovac SRB"]
[Date "2011.12.01"]
[Round "8.49"]
[White "Milutinovic,De"]
[Black "Zivanovic,D"]
[Result "1-0"]
[WhiteElo "2110"]
[BlackElo "1910"]
[WhiteFideId "925349"]
[BlackFideId "937118"]
[EventDate "2011.11.24"]

1. Nf3 e6 2. b3 d5 3. Bb2 c5 4. e3 Nf6 5. d4 Nc6 6. Nbd2 cxd4 7. exd4 Be7 8. Be2
Qc7 9. O-O O-O 10. c4 Bd7 11. Rc1 Rac8 12. Ne5 Qb6 13. Nxd7 Nxd7 14. c5 Qd8 15.
f4 Bf6 16. Nf3 b6 17. Ba6 Rc7 18. cxb6 axb6 19. Bb5 Ne7 20. Qd2 Nb8 21. Ba3 Ra7
22. Bb4 Na6 23. Bc3 Nc7 24. Bd3 g6 25. a4 Bg7 26. Bb4 Qd7 27. Ne5 Bxe5 28. fxe5
Rc8 29. Qh6 Nf5 30. Qf4 Ne8 31. Bb5 Qd8 32. Rxc8 Qxc8 33. g4 Nfg7 34. a5 bxa5
35. Bc5 Rc7 36. Bb6 Re7 37. Bc5 Rc7 38. Bd6 Ra7 39. Rc1 Qd8 40. Bc5 Rc7 41. Rf1
f5 42. exf6 Rf7 43. Be7 Qc7 44. Qxc7 Nxc7 45. Rc1 Rxe7 46. fxe7 Nge8 47. Bxe8
Nxe8 48. Rf1 1-0

[Event "25th Belgrade Trophy"]
[Site "Obrenovac SRB"]
[Date "2011.12.01"]
[Round "8.72"]
[White "Nikolic,Br"]
[Black "Perovic,Zivojin"]
[Result "1-0"]
[WhiteElo "2075"]
[BlackElo "1686"]
[WhiteFideId "930741"]
[BlackFideId "926205"]
[EventDate "2011.11.24"]

1. e4 d6 2. d4 Nf6 3. Nc3 g6 4. Nf3 Bg7 5. Bc4 c6 6. a4 a5 7. O-O O-O 8. h3 Na6
9. Qe2 d5 10. Bb3 dxe4 11. Nxe4 Nd5 12. Ne5 Be6 13. Ng5 Nac7 14. Re1 h6 15. Nxe6
Nxe6 16. c3 Nec7 17. f4 e6 18. Bc2 Qh4 19. Rf1 Kh7 20. Bd2 Qd8 21. Rac1 Ne7 22.
h4 Nf5 23. h5 Qh4 24. hxg6+ fxg6 25. Rf3 Bxe5 26. Qxe5 Rf7 27. Rh3 Qf6 28. g4 1-0

[Event "25th Belgrade Trophy"]
[Site "Obrenovac SRB"]
[Date "2011.12.02"]
[Round "9.2"]
[White "Perunovic,Mil"]
[Black "Damljanovic,B"]
[Result "1/2-1/2"]
[WhiteTitle "GM"]
[BlackTitle "GM"]
[WhiteElo "2576"]
[BlackElo "2597"]
[WhiteFideId "921629"]
[BlackFideId "900125"]
[EventDate "2011.11.24"]

1. e4 c5 2. Nf3 d6 3. d4 cxd4 4. Nxd4 Nf6 5. Nc3 a6 6. Bg5 Nc6 7. Qd2 e6 8.
O-O-O Bd7 9. f4 b5 10. Bxf6 gxf6 11. Nxc6 Bxc6 12. Qe3 Qe7 13. Bd3 Qa7 14. Qh3
h5 15. Kb1 b4 16. Ne2 h4 17. Rhe1 a5 18. Bc4 Qc5 19. Qd3 Rb8 20. Nd4 Bd7 21. f5
e5 22. Nb3 Qc7 23. Qd5 Rh7 24. Nxa5 Be7 25. Bb3 Rb5 26. Qa8+ Rb8 27. Qd5 Rb5 28.
Qa8+ Rb8 1/2-1/2

[Event "25th Belgrade Trophy"]
[Site "Obrenovac SRB"]
[Date "2011.12.02"]
[Round "9.3"]
[White "Savic,Miod1"]
[Black "Pikula,D"]
[Result "1-0"]
[WhiteTitle "GM"]
[BlackTitle "GM"]
[WhiteElo "2523"]
[BlackElo "2535"]
[WhiteFideId "920479"]
[BlackFideId "906379"]
[EventDate "2011.11.24"]

1. e4 c5 2. c3 d5 3. exd5 Qxd5 4. Nf3 Nf6 5. Be2 Nc6 6. Na3 e6 7. O-O Be7 8. d4
cxd4 9. Nb5 Qd8 10. Nbxd4 Nxd4 11. Nxd4 O-O 12. Bf4 Nd5 13. Bg3 a6 14. Bf3 Qb6
15. Qb3 Qxb3 16. axb3 g6 17. b4 Rd8 18. Nb3 Bd7 19. Rfd1 Rac8 20. Na5 Bc6 21.
Nxc6 Rxc6 22. Ra5 Kg7 23. Kf1 h5 24. h3 h4 25. Bh2 Bd6 26. Bxd5 Bxh2 27. Bxc6
Rxd1+ 28. Ke2 Rb1 29. Bxb7 Rxb2+ 30. Kd1 Bf4 31. Rxa6 Be5 32. Ra3 Rxf2 33. Rb3
Bf4 34. b5 g5 35. b6 f5 36. Bc6 g4 37. Rb4 Bd6 38. b7 gxh3 39. gxh3 Bb8 40. c4
Rf1+ 41. Ke2 Rf4 42. Ra4 Rd4 43. Ra8 Rd8 44. c5 Kf6 45. Bd7 1-0

[Event "25th Belgrade Trophy"]
[Site "Obrenovac SRB"]
[Date "2011.12.02"]
[Round "9.5"]
[White "Blagojevic,Dr"]
[Black "Filip,L"]
[Result "1-0"]
[WhiteTitle "GM"]
[BlackTitle "IM"]
[WhiteElo "2514"]
[BlackElo "2471"]
[WhiteFideId "900885"]
[BlackFideId "1208900"]
[EventDate "2011.11.24"]

1. d4 Nf6 2. c4 e6 3. Nf3 c5 4. d5 b5 5. Bg5 exd5 6. cxd5 d6 7. e4 a6 8. Nfd2
Be7 9. Bf4 O-O 10. a4 Re8 11. axb5 Nxe4 12. Nxe4 Bg5 13. Bxg5 Qxg5 14. Be2 Rxe4
15. O-O Rd4 16. Qc1 Qxc1 17. Rxc1 Rb4 18. Ra2 Bb7 19. Nc3 a5 20. Rca1 Nd7 21.
Rxa5 Rb8 22. R5a2 Nb6 23. Rd1 Kf8 24. g3 Rd4 25. Raa1 Nxd5 26. Rxd4 cxd4 27.
Nxd5 Bxd5 28. Rd1 Re8 29. Bf1 Bf3 30. Rd3 Bb7 31. Rxd4 Re1 32. Rxd6 Bf3 33. Rd8+
Ke7 34. Rd3 Bb7 35. Re3+ Rxe3 36. fxe3 Kd6 37. h4 Be4 38. Kf2 Kc7 39. Ke1 Kb6
40. Kd2 f6 41. Bd3 Bd5 42. Bxh7 Kxb5 43. Kc3 1-0

[Event "25th Belgrade Trophy"]
[Site "Obrenovac SRB"]
[Date "2011.12.02"]
[Round "9.6"]
[White "Pap,M"]
[Black "Cvetkovic,Sr"]
[Result "1-0"]
[WhiteTitle "GM"]
[BlackTitle "IM"]
[WhiteElo "2511"]
[BlackElo "2395"]
[WhiteFideId "921610"]
[BlackFideId "900621"]
[EventDate "2011.11.24"]

1. e4 c5 2. c3 d5 3. exd5 Qxd5 4. d4 Nf6 5. Nf3 Bg4 6. dxc5 Qxc5 7. h3 Be6 8.
Na3 a6 9. Be3 Qc7 10. Qa4+ Nbd7 11. Nb5 Qc8 12. Nbd4 Bd5 13. c4 Bxf3 14. Nxf3 e6
15. Be2 Bc5 16. Bf4 O-O 17. O-O e5 18. Bxe5 Nxe5 19. Nxe5 Qe8 20. Qxe8 Rfxe8 21.
Nd3 Rxe2 22. Nxc5 Rxb2 23. Rfb1 Rc2 24. Rxb7 h6 25. Rb4 Re8 26. Nxa6 Ree2 27.
Rb8+ Kh7 28. Nb4 Rb2 29. Nc6 Rbd2 30. Rf1 Rxa2 31. Rb7 Kg6 32. Nd4 Red2 33. Nf3
Re2 34. Nh4+ Kh7 35. Rxf7 Kg8 36. Rc7 Rec2 37. Nf5 Ne8 38. Rc8 Kf7 39. Ne3 Rc3
40. Nd5 Rd3 41. Re1 Nd6 42. Re7+ Kg6 43. Re6+ Kf7 44. Rxd6 1-0

[Event "25th Belgrade Trophy"]
[Site "Obrenovac SRB"]
[Date "2011.12.02"]
[Round "9.8"]
[White "Janev,T"]
[Black "Tadic,Br"]
[Result "1/2-1/2"]
[BlackTitle "GM"]
[WhiteElo "2366"]
[BlackElo "2486"]
[WhiteFideId "2910110"]
[BlackFideId "916412"]
[EventDate "2011.11.24"]

1. d4 d5 2. c4 e5 3. dxe5 d4 4. Nf3 Nc6 5. Nbd2 Nge7 6. g3 Ng6 7. Bg2 Ngxe5 8.
O-O Be7 9. Nxe5 Nxe5 10. Nb3 O-O 11. Nxd4 Nxc4 12. b3 Bf6 13. e3 Nb6 14. Ba3 Re8
15. Rc1 Bxd4 16. exd4 c6 17. d5 Nxd5 18. Bb2 Be6 19. Qh5 h6 20. f4 Nf6 21. Qc5
Qb6 22. Bxf6 gxf6 23. f5 Bd7 24. Qxb6 axb6 25. Rcd1 Re7 26. Rf2 Rae8 27. Bf1 Bc8
28. g4 Rd7 29. Rxd7 Bxd7 30. Rd2 Re7 31. Rd6 Kg7 32. h4 Bc8 33. g5 hxg5 34. hxg5
Re5 35. gxf6+ Kh6 36. Bc4 Kg5 37. Rd8 Bxf5 38. Rb8 b5 39. Bxf7 Kxf6 40. Rxb7 Re7
41. Rxe7 Kxe7 42. Bh5 b4 43. Kf2 Bb1 44. Bd1 1/2-1/2

[Event "25th Belgrade Trophy"]
[Site "Obrenovac SRB"]
[Date "2011.12.02"]
[Round "9.9"]
[White "Todorovic,GM"]
[Black "Pancevski,F"]
[Result "1-0"]
[WhiteTitle "GM"]
[BlackTitle "IM"]
[WhiteElo "2482"]
[BlackElo "2442"]
[WhiteFideId "900168"]
[BlackFideId "15002187"]
[EventDate "2011.11.24"]

1. e4 e5 2. Nf3 Nc6 3. Bb5 a6 4. Ba4 d6 5. Bxc6+ bxc6 6. d4 f6 7. Nc3 g6 8. Qd3
a5 9. Be3 Nh6 10. dxe5 fxe5 11. Bg5 Qd7 12. Bf6 Bg7 13. Nxe5 1-0

[Event "25th Belgrade Trophy"]
[Site "Obrenovac SRB"]
[Date "2011.12.02"]
[Round "9.11"]
[White "Cabrilo,G"]
[Black "Payen,Ar"]
[Result "1-0"]
[WhiteTitle "GM"]
[BlackTitle "IM"]
[WhiteElo "2463"]
[BlackElo "2340"]
[WhiteFideId "900249"]
[BlackFideId "600814"]
[EventDate "2011.11.24"]

1. e4 e5 2. Nf3 d6 3. Bc4 Be7 4. O-O Nf6 5. Re1 O-O 6. d3 c6 7. Bb3 Nbd7 8. c3
Nc5 9. Bc2 Bg4 10. h3 Bxf3 11. Qxf3 Ne6 12. Nd2 Ne8 13. Nf1 Bg5 14. Ne3 g6 15.
Rd1 Qe7 16. b4 Kh8 17. d4 exd4 18. cxd4 Bf6 19. Bb2 N8c7 20. Rab1 a5 21. Qxf6+
Qxf6 22. d5 Qxb2 23. Rxb2 cxd5 24. exd5 Nf4 25. bxa5 Rxa5 26. Rxb7 Rc5 27. Bb3
Ne2+ 28. Kf1 Nc3 29. Rd4 Rd8 30. g4 Kg7 31. a4 Kf6 32. Rf4+ Kg7 33. Rc4 Na6 34.
Rf4 Nc7 35. g5 h6 36. gxh6+ Kxh6 37. Rxf7 N7xd5 38. Rh7+ Kg5 39. h4+ Kf4 40.
Rhf7+ Ke5 41. Nc2 Re8 42. Ne1 Kd4 43. Rf3 Ra5 44. Rg3 Re4 45. Rxg6 Rf4 46. Rg3
Ne4 47. Rd3+ Ke5 48. Bxd5 Rxd5 49. Re7+ Kf6 50. Rxe4 1-0